|
|
|
|
| LEADER |
00000nab a2200000 a 4500 |
| 001 |
vtls000266009 |
| 003 |
SK-MaSNL |
| 005 |
20260304070231.0 |
| 008 |
250423c1986 xo 0 slo |
| 015 |
|
|
|a SNBRB19rr/mm-uuuuu
|
| 035 |
|
|
|a CL0276123
|
| 035 |
|
|
|a urn:nbn:sk:snk-abbget
|
| 035 |
|
|
|a (urnnbn)urn:nbn:sk:snk:ar-005cum
|
| 035 |
|
|
|a (uuid)29311305-0308-4f41-bc32-415ea64eaaa0
|
| 040 |
|
|
|a SNKBUCL
|b slo
|c SNKBUCL
|e AACR2
|
| 041 |
0 |
|
|a cze
|
| 044 |
|
|
|a xo
|c SK
|
| 080 |
|
|
|a 681.2:531.7
|2 1981
|
| 080 |
|
|
|a 531.7
|2 1981
|
| 080 |
|
|
|a 621.317.7
|2 1981
|
| 100 |
1 |
|
|a Ševčík, Karel
|4 aut
|9 953728
|
| 245 |
1 |
0 |
|a Třísouradnicový měřící stroj XYZ 643 C
|c Karel Ševčík
|
| 300 |
|
|
|b Obr. 1.
|
| 650 |
0 |
7 |
|a stroje meracie trojsúradnicové
|2 snkbucl
|9 935068
|
| 650 |
0 |
7 |
|a XYZ 643 C (stroj merací trojsúradnicový
|2 snkbucl
|9 1356080
|
| 655 |
|
7 |
|a články z novín a časopisov
|2 snkbucl
|9 267496
|
| 773 |
0 |
|
|t Technická práca
|g Roč. 38, č. 9 (1986), s. 39-41
|
| 850 |
|
|
|a Slovenská národná knižnica
|
| 852 |
|
|
|a Slovenská národná knižnica
|
| 958 |
|
|
|a article15
|
| 958 |
|
|
|a OND
|
| 958 |
|
|
|a RK
|
| 958 |
|
|
|a CZ
|
| 958 |
|
|
|a EUIPO
|
| 992 |
|
|
|a RBX
|
| 999 |
|
|
|c 2754721
|d 2756651
|